[Event "13MCR_F"]
[Site "?"]
[Date "1999.??.??"]
[Round "?"]
[White "Kadlec, Antonin"]
[Black "Sykora, Josef"]
[Result "1-0"]
[WhiteElo "2320"]
[BlackElo "2335"]
[PlyCount "79"]
[EventDate "1999.??.??"]
[EventType "corr"]
[Source "Chess Mail Ltd"]
[SourceDate "2005.07.27"]

1. Nf3 d5 2. g3 Nf6 3. Bg2 c6 4. O-O Bg4 5. h3 Bh5 6. d3 Nbd7 7. c4 e6 8. cxd5
cxd5 9. Nc3 Bc5 10. a3 O-O 11. b4 Bxf3 12. Bxf3 Bd4 13. Bb2 Rc8 14. Rc1 Ne5 15.
Bg2 Ng6 16. e3 Be5 17. f4 Bb8 18. e4 Qb6+ 19. Kh1 dxe4 20. dxe4 e5 21. f5 Ne7
22. Qe2 Nc6 23. Na4 Qd8 24. Nc5 Nd4 25. Bxd4 exd4 26. e5 Qe7 27. Rce1 Rfe8 28.
Nd3 Rc3 29. Qd1 Nd7 30. f6 Qf8 31. Bd5 gxf6 32. e6 fxe6 33. Bxe6+ Rxe6 34. Rxe6
Qf7 35. Qe2 Rxd3 36. Re8+ Nf8 37. Qg4+ Qg7 38. Rxb8 Rxg3 39. Rxf8+ Kxf8 40. Qe6
1-0

[Event "13MCR_F"]
[Site "?"]
[Date "1999.??.??"]
[Round "?"]
[White "Kadlec, Antonin"]
[Black "Viktora, Zdenek"]
[Result "1-0"]
[WhiteElo "2320"]
[BlackElo "2300"]
[PlyCount "78"]
[EventDate "1999.??.??"]
[EventType "corr"]
[Source "Chess Mail Ltd"]
[SourceDate "2005.07.27"]

1. Nf3 d5 2. g3 c5 3. Bg2 Nc6 4. O-O e5 5. d3 Nf6 6. Nbd2 Be7 7. e4 dxe4 8.
dxe4 O-O 9. c3 Qc7 10. Qe2 Rd8 11. Re1 b6 12. Nh4 Bf8 13. Nf1 Bg4 14. f3 Be6
15. Bg5 Rd7 16. f4 Bg4 17. Qf2 c4 18. Bxf6 gxf6 19. Ne3 Bc5 20. h3 exf4 21.
gxf4 Bh5 22. Nhf5 Bg6 23. Kh1 Re8 24. Qg3 Rd2 25. Nd5 Qd8 26. Red1 Rxd1+ 27.
Rxd1 Kh8 28. Nde3 Qb8 29. Qh4 Re6 30. Nd4 Bxd4 31. cxd4 Kg7 32. f5 Rd6 33. fxg6
hxg6 34. Qg3 Rd8 35. e5 Nxe5 36. dxe5 Rxd1+ 37. Nxd1 Qxe5 38. Qxe5 fxe5 39. Ne3
c3 1-0

[Event "13MCR_F"]
[Site "?"]
[Date "1999.??.??"]
[Round "?"]
[White "Svoboda, Frantisek"]
[Black "Kostal, Jindrich"]
[Result "1/2-1/2"]
[WhiteElo "2445"]
[BlackElo "2280"]
[PlyCount "78"]
[EventDate "1999.??.??"]
[EventType "corr"]
[Source "Chess Mail Ltd"]
[SourceDate "2005.07.27"]

1. c4 Nf6 2. Nc3 g6 3. Nf3 d5 4. cxd5 Nxd5 5. Qa4+ Bd7 6. Qh4 Bc6 7. Qd4 f6 8.
e3 Bg7 9. Be2 e5 10. Qc4 Qd6 11. O-O f5 12. d4 e4 13. Nd2 Nd7 14. Qb3 N7b6 15.
Nc4 Nxc4 16. Bxc4 O-O-O 17. a4 Kb8 18. Bd2 Rd7 19. a5 Rhd8 20. Rfc1 h6 21. Na4
Bxa4 22. Rxa4 a6 23. Be2 Ka8 24. Qc2 h5 25. Rc4 Bh6 26. Rc5 f4 27. Qb3 fxe3 28.
fxe3 Rf8 29. Bc4 Nf6 30. g3 h4 31. Re5 Re8 32. Rxe8+ Nxe8 33. gxh4 Ng7 34. Be1
Nf5 35. Rc3 Qf6 36. Bf2 Nxh4 37. Be2 Nf3+ 38. Kg2 Nxh2 39. Qg8+ Bf8 1/2-1/2

[Event "13MCR_F"]
[Site "?"]
[Date "1999.??.??"]
[Round "?"]
[White "Viktora, Zdenek"]
[Black "Hybl, Vladislav"]
[Result "1/2-1/2"]
[WhiteElo "2300"]
[BlackElo "2200"]
[PlyCount "65"]
[EventDate "1999.??.??"]
[EventType "corr"]
[Source "Chess Mail Ltd"]
[SourceDate "2005.07.27"]

1. c4 e5 2. Nc3 d6 3. e3 f5 4. d4 Be7 5. dxe5 dxe5 6. Qxd8+ Bxd8 7. Nf3 Nc6 8.
Be2 Nf6 9. b3 O-O 10. O-O e4 11. Nd4 Nxd4 12. exd4 c6 13. d5 cxd5 14. Nxd5 Nxd5
15. cxd5 Bf6 16. Rb1 Bd7 17. Ba3 Rfd8 18. Rbc1 Rac8 19. Rfd1 Kf7 20. Bd6 Rxc1
21. Rxc1 Rc8 22. Rxc8 Bxc8 23. Kf1 Be7 24. Bb8 Bc5 25. h4 a6 26. a4 Bd7 27. Be5
b5 28. axb5 Bxb5 29. g3 g6 30. Bc7 Bxe2+ 31. Kxe2 Ke7 32. Bb8 Kd7 33. Bf4
1/2-1/2

[Event "13MCR_F"]
[Site "?"]
[Date "1999.??.??"]
[Round "?"]
[White "Svoboda, Frantisek"]
[Black "Vavrla, Zdenek"]
[Result "1/2-1/2"]
[WhiteElo "2445"]
[BlackElo "2480"]
[PlyCount "121"]
[EventDate "1999.??.??"]
[EventType "corr"]
[Source "Chess Mail Ltd"]
[SourceDate "2005.07.27"]

1. c4 e5 2. Nc3 Nf6 3. Nf3 Nc6 4. g3 d5 5. cxd5 Nxd5 6. Bg2 Nb6 7. O-O Be7 8.
a3 O-O 9. d3 Re8 10. b4 Bf8 11. Bb2 a5 12. b5 Nd4 13. Nd2 Bd7 14. a4 c6 15. e3
Ne6 16. Nf3 Nc7 17. bxc6 Bxc6 18. Qb3 Na6 19. d4 exd4 20. exd4 Rc8 21. Ne5 Bxg2
22. Qxf7+ Kh8 23. Kxg2 Qxd4 24. Qxb7 Rxe5 25. Qxa6 Rf5 26. Rad1 Qf6 27. Nd5
Qxb2 28. Qxb6 Qe2 29. Qe3 Qc4 30. Rd4 Qc6 31. Qe4 Rf7 32. Nf4 Qxe4+ 33. Rxe4 g6
34. Rfe1 Kg8 35. R1e2 Bg7 36. Nd5 Bf8 37. f3 Rc1 38. Rb2 Rd1 39. Re5 Bd6 40.
Rg5 Ra1 41. Nb6 Bb4 42. Rb5 Bc3 43. R2b3 Ra2+ 44. Kh3 Bd4 45. Rxa5 Bg1 46. Nd5
h5 47. Kh4 Kg7 48. Nf4 Kh6 49. Nh3 Rxh2 50. f4 Rd7 51. Rab5 Rdd2 52. Rb2 Rxb2
53. Rxb2 Rxb2 54. Nxg1 Ra2 55. Nh3 Rxa4 56. Ng5 Ra1 57. Kh3 Kg7 58. Nf3 Rb1 59.
Nd4 Rb6 60. Nf3 Kf6 61. Nh4 1/2-1/2

[Event "13MCR_F"]
[Site "?"]
[Date "1999.??.??"]
[Round "?"]
[White "Svoboda, Frantisek"]
[Black "Vinklarek, Vlastimil"]
[Result "1-0"]
[WhiteElo "2445"]
[BlackElo "2225"]
[PlyCount "67"]
[EventDate "1999.??.??"]
[EventType "corr"]
[Source "Chess Mail Ltd"]
[SourceDate "2005.07.27"]

1. c4 e5 2. Nc3 Nf6 3. Nf3 Nc6 4. g3 Bb4 5. Nd5 Bc5 6. Bg2 O-O 7. d3 Nxd5 8.
cxd5 Nd4 9. Nd2 Re8 10. O-O d6 11. e3 Nf5 12. Nc4 a5 13. Bd2 a4 14. b4 axb3 15.
axb3 Bd7 16. Rxa8 Qxa8 17. b4 Ba7 18. Qb3 Ne7 19. Ra1 Qb8 20. Bc3 Nc8 21. Qd1
Ne7 22. d4 exd4 23. Bxd4 Bxd4 24. Qxd4 Bb5 25. Bf1 Nf5 26. Qf4 Bd7 27. Bd3 Ne7
28. Qd4 Nf5 29. Qg4 Qc8 30. Rc1 Nxe3 31. Qh4 Nxc4 32. Qxh7+ Kf8 33. Rxc4 Re3
34. fxe3 1-0

[Event "13MCR_F"]
[Site "?"]
[Date "1999.??.??"]
[Round "?"]
[White "Vinklarek, Vlastimil"]
[Black "Milos, Vladislav"]
[Result "1/2-1/2"]
[WhiteElo "2225"]
[BlackElo "2270"]
[PlyCount "66"]
[EventDate "1999.??.??"]
[EventType "corr"]
[Source "Chess Mail Ltd"]
[SourceDate "2005.07.27"]

1. c4 e5 2. Nc3 Nf6 3. Nf3 Nc6 4. g3 Bb4 5. Bg2 O-O 6. O-O d6 7. Nd5 Bc5 8.
Nxf6+ Qxf6 9. d3 Bb6 10. Rb1 a5 11. b3 Bg4 12. Bb2 Bc5 13. e3 Qf5 14. d4 exd4
15. exd4 Bb6 16. Bc3 Qh5 17. Re1 Rfe8 18. Rxe8+ Rxe8 19. d5 Ne5 20. Bxe5 dxe5
21. b4 axb4 22. Qa4 Rd8 23. Qb3 Qf5 24. Rf1 Bc5 25. Nh4 Qf6 26. Nf3 Bxf3 27.
Bxf3 Ra8 28. Be4 g6 29. Bb1 Ra3 30. Qb2 Qd6 31. Bc2 Bd4 32. Qb1 Qc5 33. Bb3 Kg7
1/2-1/2

[Event "13MCR_F"]
[Site "?"]
[Date "1999.??.??"]
[Round "?"]
[White "Sykora, Josef"]
[Black "Vavrla, Zdenek"]
[Result "1/2-1/2"]
[WhiteElo "2335"]
[BlackElo "2480"]
[PlyCount "85"]
[EventDate "1999.??.??"]
[EventType "corr"]
[Source "Chess Mail Ltd"]
[SourceDate "2005.07.27"]

1. d4 Nf6 2. Nf3 e6 3. Bg5 c5 4. c3 h6 5. Bh4 cxd4 6. cxd4 Bb4+ 7. Nbd2 d5 8.
e3 O-O 9. Bd3 Nc6 10. O-O Be7 11. Rc1 Qb6 12. Nb3 a5 13. Bxf6 Bxf6 14. Qd2 Be7
15. Nc5 Qa7 16. Bb5 Bd6 17. Bxc6 bxc6 18. Rc3 f6 19. Rfc1 Qc7 20. Qc2 e5 21. g3
e4 22. Nh4 Re8 23. Qe2 Qf7 24. Na4 Ba6 25. Qg4 h5 26. Qf5 Bc8 27. Qg6 Qxg6 28.
Nxg6 Bb7 29. Nf4 h4 30. Rb3 Ra7 31. Nc5 hxg3 32. hxg3 Ba8 33. Kg2 Kf7 34. Ne2
Rh8 35. Nc3 Bxc5 36. dxc5 Bb7 37. Rb6 Bc8 38. Ne2 Bh3+ 39. Kg1 Bg4 40. Nd4 Raa8
41. Kg2 Bh3+ 42. Kg1 Bg4 43. Kg2 1/2-1/2

[Event "13MCR_F"]
[Site "?"]
[Date "1999.??.??"]
[Round "?"]
[White "Milos, Vladislav"]
[Black "Tichy, Josef"]
[Result "1/2-1/2"]
[WhiteElo "2270"]
[BlackElo "2335"]
[PlyCount "76"]
[EventDate "1999.??.??"]
[EventType "corr"]
[Source "Chess Mail Ltd"]
[SourceDate "2005.07.27"]

1. d4 Nf6 2. Nf3 b6 3. Bg5 Bb7 4. Nbd2 c5 5. e3 e6 6. Bd3 Be7 7. O-O d6 8. c3
Nc6 9. Bh4 O-O 10. Qc2 h6 11. Bxf6 Bxf6 12. Ne4 Be7 13. Rad1 Qc7 14. dxc5 dxc5
15. Ng3 Rad8 16. Bh7+ Kh8 17. Be4 Bd6 18. Qb3 Rd7 19. Rd2 Bxg3 20. hxg3 Rxd2
21. Nxd2 Na5 22. Qa4 Rd8 23. Rd1 b5 24. Qc2 Qd6 25. Bxb7 Nxb7 26. c4 a6 27. b3
Na5 28. cxb5 axb5 29. Qc3 Nc6 30. Kf1 Ra8 31. a4 bxa4 32. bxa4 Rxa4 33. Qc2 Ra8
34. Nb3 Qb8 35. Nxc5 Qb5+ 36. Nd3 Nb4 37. Qb3 Rd8 38. Kg1 Rxd3 1/2-1/2

[Event "13MCR_F"]
[Site "?"]
[Date "1999.??.??"]
[Round "?"]
[White "Jerabek, Petr"]
[Black "Milos, Vladislav"]
[Result "1/2-1/2"]
[WhiteElo "2280"]
[BlackElo "2270"]
[PlyCount "57"]
[EventDate "1999.??.??"]
[EventType "corr"]
[Source "Chess Mail Ltd"]
[SourceDate "2005.07.27"]

1. d4 Nf6 2. c4 c5 3. d5 e5 4. Nc3 d6 5. e4 Be7 6. Nf3 Nbd7 7. g3 Nb6 8. b3 O-O
9. Bg2 Ne8 10. O-O f5 11. Re1 fxe4 12. Nxe4 Bf5 13. Bb2 Nf6 14. Nfd2 Qd7 15. a4
a5 16. Qe2 Bg4 17. Qe3 Bh3 18. Nxf6+ Bxf6 19. Ne4 Be7 20. Bc3 Bxg2 21. Kxg2 Qg4
22. Ra2 Nd7 23. Rae2 b6 24. h3 Qg6 25. Bd2 Rf7 26. f3 Raf8 27. Rf1 Rf5 28. Kh2
Kh8 29. Ref2 1/2-1/2

[Event "13MCR_F"]
[Site "?"]
[Date "1999.??.??"]
[Round "?"]
[White "Hybl, Vladislav"]
[Black "Jerabek, Petr"]
[Result "1/2-1/2"]
[WhiteElo "2200"]
[BlackElo "2280"]
[PlyCount "41"]
[EventDate "1999.??.??"]
[EventType "corr"]
[Source "Chess Mail Ltd"]
[SourceDate "2005.07.27"]

1. d4 Nf6 2. c4 c5 3. d5 b5 4. cxb5 a6 5. f3 axb5 6. e4 Qa5+ 7. Bd2 b4 8. Na3
d6 9. Nc4 Qc7 10. a3 bxa3 11. Rxa3 Rxa3 12. bxa3 g6 13. Bd3 Bg7 14. Ne2 O-O 15.
O-O Nbd7 16. Qa4 Bb7 17. Qa5 Qxa5 18. Nxa5 Ba8 19. Nc4 Bb7 20. Na5 Ba8 21. Nc4
1/2-1/2

[Event "13MCR_F"]
[Site "?"]
[Date "1999.??.??"]
[Round "?"]
[White "Hybl, Vladislav"]
[Black "Masek, Jan"]
[Result "1-0"]
[WhiteElo "2200"]
[BlackElo "2280"]
[PlyCount "105"]
[EventDate "1999.??.??"]
[EventType "corr"]
[Source "Chess Mail Ltd"]
[SourceDate "2005.07.27"]

1. d4 Nf6 2. c4 c5 3. d5 b5 4. cxb5 a6 5. f3 d6 6. e4 g6 7. a4 Bg7 8. Na3 O-O
9. Ne2 axb5 10. Nxb5 Na6 11. Nec3 Ne8 12. Bc4 Nac7 13. O-O Nxb5 14. Nxb5 Nc7
15. Nxc7 Qxc7 16. Ra2 Ba6 17. Bxa6 Rxa6 18. Bd2 Rb8 19. Qc2 Qb6 20. Bc3 c4+ 21.
Kh1 Qb3 22. Qxb3 cxb3 23. Ra3 Bxc3 24. bxc3 b2 25. Rb1 f5 26. Kg1 fxe4 27. fxe4
Rab6 28. Kf2 Rb3 29. Rxb3 Rxb3 30. g3 Kf7 31. Ke2 Rxc3 32. Rxb2 Ra3 33. Rb4
Ra2+ 34. Kd3 Rxh2 35. Kc4 h5 36. a5 Ra2 37. Kb5 g5 38. e5 dxe5 39. a6 Ke8 40.
Ra4 Rb2+ 41. Ka5 Rb8 42. Re4 Kd7 43. Rxe5 h4 44. gxh4 gxh4 45. a7 Rg8 46. Kb6
h3 47. Rh5 Kd6 48. Kb7 h2 49. a8=Q Rxa8 50. Kxa8 h1=Q 51. Rxh1 Kxd5 52. Rd1+
Kc5 53. Re1 1-0

[Event "13MCR_F"]
[Site "?"]
[Date "1999.??.??"]
[Round "?"]
[White "Kadlec, Antonin"]
[Black "Milos, Vladislav"]
[Result "1-0"]
[WhiteElo "2320"]
[BlackElo "2270"]
[PlyCount "65"]
[EventDate "1999.??.??"]
[EventType "corr"]
[Source "Chess Mail Ltd"]
[SourceDate "2005.07.27"]

1. d4 Nf6 2. Nf3 e6 3. c4 c5 4. d5 exd5 5. cxd5 Bd6 6. Nc3 Bc7 7. Bg5 O-O 8. e3
h6 9. Bh4 d6 10. Nd2 a6 11. a4 Re8 12. Be2 Nbd7 13. O-O Ne5 14. Nde4 g5 15.
Nxf6+ Qxf6 16. Bg3 Ng6 17. Bd3 Ne5 18. Bc2 Bg4 19. Qc1 Qg7 20. a5 Rab8 21. f4
Nc4 22. fxg5 hxg5 23. Ra4 Nxe3 24. Re1 Nxc2 25. Rxg4 Nxe1 26. Rxg5 Nd3 27.
Rxg7+ Kxg7 28. Qg5+ Kf8 29. Qh4 Rbd8 30. Qh8+ Ke7 31. Qh7 Bxa5 32. Qxd3 Bxc3
33. bxc3 1-0

[Event "13MCR_F"]
[Site "?"]
[Date "1999.??.??"]
[Round "?"]
[White "Hlavacek, Robert"]
[Black "Hybl, Vladislav"]
[Result "1/2-1/2"]
[WhiteElo "2250"]
[BlackElo "2200"]
[PlyCount "55"]
[EventDate "1999.??.??"]
[EventType "corr"]
[Source "Chess Mail Ltd"]
[SourceDate "2005.07.27"]

1. d4 Nf6 2. c4 g6 3. Nc3 Bg7 4. e4 d6 5. f3 O-O 6. Bg5 c5 7. d5 a6 8. a4 h6 9.
Be3 e6 10. Qd2 exd5 11. cxd5 Re8 12. Nge2 Nbd7 13. Nd1 Ne5 14. Nec3 g5 15. Be2
Nh5 16. g4 Nf6 17. h4 Nh7 18. Nf2 Qf6 19. f4 gxf4 20. Bxf4 Bd7 21. g5 hxg5 22.
hxg5 Qe7 23. O-O-O b5 24. Bxe5 Qxe5 25. Rdg1 b4 26. Ncd1 Nf8 27. Ng4 Bxg4 28.
Rxg4 1/2-1/2

[Event "13MCR_F"]
[Site "?"]
[Date "1999.??.??"]
[Round "?"]
[White "Hlavacek, Robert"]
[Black "Kostal, Jindrich"]
[Result "1/2-1/2"]
[WhiteElo "2250"]
[BlackElo "2280"]
[PlyCount "53"]
[EventDate "1999.??.??"]
[EventType "corr"]
[Source "Chess Mail Ltd"]
[SourceDate "2005.07.27"]

1. d4 Nf6 2. c4 g6 3. Nc3 Bg7 4. e4 d6 5. f3 O-O 6. Bg5 c5 7. d5 e6 8. Qd2 exd5
9. cxd5 a6 10. a4 Re8 11. Nge2 Nbd7 12. Nc1 h6 13. Be3 Ne5 14. Be2 Kh7 15. O-O
b6 16. Rb1 Rb8 17. b4 Qc7 18. N1a2 Ned7 19. Rfc1 Qd8 20. Rb3 Qc7 21. Nb1 Ne5
22. Rbc3 Neg4 23. Bf4 Qe7 24. h3 Ne5 25. a5 Nh5 26. Be3 cxb4 27. Rc7 1/2-1/2

[Event "13MCR_F"]
[Site "?"]
[Date "1999.??.??"]
[Round "?"]
[White "Vinklarek, Vlastimil"]
[Black "Hybl, Vladislav"]
[Result "0-1"]
[WhiteElo "2225"]
[BlackElo "2200"]
[PlyCount "105"]
[EventDate "1999.??.??"]
[EventType "corr"]
[Source "Chess Mail Ltd"]
[SourceDate "2005.07.27"]

1. d4 f5 2. c4 Nf6 3. g3 e6 4. Bg2 d5 5. Nf3 c6 6. Nbd2 Bd6 7. O-O b6 8. b3 O-O
9. Bb2 Bb7 10. Rc1 Nbd7 11. e3 Ne4 12. Qc2 Qe7 13. Rfd1 Rac8 14. Ne5 Nxe5 15.
dxe5 Bc7 16. Nxe4 fxe4 17. Bh3 Rcd8 18. b4 Qf7 19. Rd2 dxc4 20. Rd4 c5 21. bxc5
Bd5 22. cxb6 axb6 23. Rd2 b5 24. Ba3 Rfe8 25. Qb2 Qh5 26. Bg2 Bxe5 27. Qxb5 c3
28. Rdc2 Rb8 29. Qf1 Rec8 30. Qe1 Qe8 31. Rb1 Qa4 32. Rxb8 Rxb8 33. Qc1 Rb7 34.
Bf1 Qa5 35. h3 Ra7 36. Bd6 Bxd6 37. Rxc3 Qxa2 38. Rc8+ Bf8 39. Rb8 Qa1 40. Qc5
Rf7 41. Qc2 Rb7 42. Rxb7 Bxb7 43. Kg2 Bd5 44. Qc8 Qf6 45. Qe8 Qf3+ 46. Kg1 Qf7
47. Qc8 h6 48. Bg2 Qb7 49. Qc2 Qc6 50. Qd1 Ba3 51. Kh2 Qc3 52. Qa4 Qb2 53. Kg1
0-1

[Event "13MCR_F"]
[Site "?"]
[Date "1999.??.??"]
[Round "?"]
[White "Masek, Jan"]
[Black "Sykora, Josef"]
[Result "1-0"]
[WhiteElo "2280"]
[BlackElo "2335"]
[PlyCount "81"]
[EventDate "1999.??.??"]
[EventType "corr"]
[Source "Chess Mail Ltd"]
[SourceDate "2005.07.27"]

1. e4 c6 2. c4 e5 3. d4 Bb4+ 4. Bd2 Bxd2+ 5. Qxd2 d6 6. Nc3 Qf6 7. Rd1 Nd7 8.
Be2 Nh6 9. Nf3 O-O 10. O-O Re8 11. b4 Nf8 12. d5 c5 13. Nb5 Rd8 14. bxc5 dxc5
15. Ne1 Bd7 16. Nd3 Bxb5 17. cxb5 Nd7 18. Rc1 b6 19. Qe3 Qe7 20. Rfd1 f6 21. d6
Qe8 22. Nb2 Nf8 23. Bc4+ Kh8 24. Qa3 Nf7 25. Bd5 Rab8 26. Bc6 Qe6 27. Nc4 Nxd6
28. Nxd6 Rxd6 29. Qxa7 Rbd8 30. Rd5 f5 31. Qxb6 Rxd5 32. exd5 Rxd5 33. Qb8 Qd6
34. Qxd6 Rxd6 35. a4 Ne6 36. Kf1 g6 37. a5 Nd4 38. Rxc5 Nb3 39. Rd5 Rxd5 40.
Bxd5 Nxa5 41. Ke2 1-0

[Event "13MCR_F"]
[Site "?"]
[Date "1999.??.??"]
[Round "?"]
[White "Boukal, Petr"]
[Black "Sykora, Josef"]
[Result "1/2-1/2"]
[WhiteElo "2460"]
[BlackElo "2335"]
[PlyCount "102"]
[EventDate "1999.??.??"]
[EventType "corr"]
[Source "Chess Mail Ltd"]
[SourceDate "2005.07.27"]

1. e4 c6 2. d4 d5 3. e5 Bf5 4. Nf3 e6 5. Be2 c5 6. Be3 Nd7 7. O-O a6 8. c4 dxc4
9. Bxc4 Ne7 10. Nc3 b5 11. Bd3 c4 12. Bc2 Rc8 13. Re1 b4 14. Ne4 Nd5 15. Bg5
Qa5 16. Nh4 Bxe4 17. Bxe4 c3 18. Qb3 N7b6 19. Nf3 h6 20. Bc1 Be7 21. Bb1 Qb5
22. h4 a5 23. Qd1 Qc6 24. Bd3 O-O 25. b3 Rfd8 26. Qe2 Nd7 27. Qe4 Nf8 28. Qg4
Kh8 29. Qh5 Kg8 30. Qg4 f5 31. exf6 Nxf6 32. Qg3 Bd6 33. Ne5 Bxe5 34. dxe5 Nh5
35. Qh3 Rd4 36. Bc2 Nf4 37. Qg3 Nh5 38. Qh2 Rd2 39. Bd1 Rxd1 40. Rxd1 c2 41.
Re1 Qc3 42. Be3 Ng6 43. Rac1 Nxe5 44. Re2 Qb2 45. Bd2 Nd3 46. Qd6 Nxc1 47.
Qxe6+ Kh7 48. Qf5+ g6 49. Re7+ Ng7 50. Qxc8 Nd3 51. Rc7 c1=Q+ 1/2-1/2

[Event "13MCR_F"]
[Site "?"]
[Date "1999.??.??"]
[Round "?"]
[White "Bures, Jilji"]
[Black "Sykora, Josef"]
[Result "1-0"]
[WhiteElo "2250"]
[BlackElo "2335"]
[PlyCount "124"]
[EventDate "1999.??.??"]
[EventType "corr"]
[Source "Chess Mail Ltd"]
[SourceDate "2005.07.27"]

1. e4 c6 2. d4 d5 3. Nc3 dxe4 4. Nxe4 Nd7 5. Nf3 Ngf6 6. Nxf6+ Nxf6 7. Ne5 Be6
8. Be2 g6 9. O-O Bg7 10. c4 O-O 11. Be3 Ne8 12. Qb3 Nd6 13. Rad1 Qc8 14. Qc3 b5
15. b3 bxc4 16. bxc4 Qa6 17. Rfe1 Nf5 18. Bf4 Rac8 19. Rd2 Rfd8 20. c5 Qa4 21.
Bd1 Qb5 22. g4 Nh4 23. Rb2 Qa6 24. Bg3 Bf6 25. a3 Ra8 26. Be2 Qc8 27. Qe3 Bd5
28. f3 h5 29. Qf2 g5 30. gxh5 Nf5 31. f4 Nxg3 32. Qxg3 Qf5 33. Rf1 Qe4 34. Rd2
Rab8 35. Bd1 Bxe5 36. dxe5 g4 37. f5 Kh8 38. Qf4 Qxf4 39. Rxf4 Rb5 40. Rb4 Rxc5
41. Rb7 a5 42. Rxe7 Rg8 43. Rc2 Rb5 44. Kf2 Rb1 45. Rd2 Ra1 46. a4 Ra3 47. Rd4
g3+ 48. hxg3 Rgxg3 49. Re8+ Rg8 50. Rxg8+ Kxg8 51. Rg4+ Kh7 52. Rg3 Ra2+ 53.
Ke1 Rb2 54. Re3 Rb7 55. Kf2 Kh6 56. e6 Re7 57. Bf3 Bc4 58. Rc3 Bd5 59. Rc5 fxe6
60. fxe6 Bb3 61. Rxa5 Rxe6 62. Ra8 Bd5 1-0

[Event "13MCR_F"]
[Site "?"]
[Date "1999.??.??"]
[Round "?"]
[White "Hybl, Vladislav"]
[Black "Sykora, Josef"]
[Result "1/2-1/2"]
[WhiteElo "2200"]
[BlackElo "2335"]
[PlyCount "57"]
[EventDate "1999.??.??"]
[EventType "corr"]
[Source "Chess Mail Ltd"]
[SourceDate "2005.07.27"]

1. e4 c6 2. d4 d5 3. Nc3 dxe4 4. Nxe4 Nd7 5. Bd3 Ngf6 6. Ng5 e6 7. N1f3 Bd6 8.
Qe2 h6 9. Ne4 Nxe4 10. Qxe4 c5 11. Bd2 Qc7 12. Qg4 Kf8 13. Qe4 c4 14. Bf1 Rb8
15. a4 b6 16. Qe2 Ba6 17. g3 Bb7 18. Bg2 Bd5 19. Bc3 g6 20. O-O Kg7 21. Ne5
Rbe8 22. Rfe1 f6 23. Nxg6 Kxg6 24. Qg4+ Kh7 25. Bxd5 exd5 26. Qf5+ Kg7 27. Qg4+
Kh7 28. Qf5+ Kg7 29. Qg4+ 1/2-1/2

[Event "13MCR_F"]
[Site "?"]
[Date "1999.??.??"]
[Round "?"]
[White "Jirku, Jaroslav"]
[Black "Sykora, Josef"]
[Result "1-0"]
[WhiteElo "2230"]
[BlackElo "2335"]
[PlyCount "127"]
[EventDate "1999.??.??"]
[EventType "corr"]
[Source "Chess Mail Ltd"]
[SourceDate "2005.07.27"]

1. e4 c6 2. d4 d5 3. Nc3 dxe4 4. Nxe4 Nd7 5. Nf3 Ngf6 6. Ng3 e6 7. Bc4 Bd6 8.
O-O O-O 9. Qe2 Qc7 10. Ne4 Bf4 11. Nxf6+ Nxf6 12. Bxf4 Qxf4 13. Rad1 b6 14. Ne5
Bb7 15. Rfe1 Rfe8 16. g3 Qf5 17. Bd3 Qh3 18. Qf3 Re7 19. Bf1 Qf5 20. Qxf5 exf5
21. Bg2 Rae8 22. Nd3 Ne4 23. f3 Nd6 24. Rxe7 Rxe7 25. Kf2 f6 26. a4 Kf7 27. b3
Bc8 28. c4 Bb7 29. a5 g5 30. Ra1 f4 31. gxf4 Nf5 32. fxg5 fxg5 33. axb6 axb6
34. c5 bxc5 35. dxc5 Nd4 36. Nc1 Kf6 37. Ra2 h6 38. Bf1 Bc8 39. Rd2 Ke5 40.
Nd3+ Kf6 41. Nc1 Ke5 42. Nd3+ Kf6 43. Nb4 Rd7 44. Bc4 Rd8 45. Nd5+ Ke5 46. Ne7
Bb7 47. Ng8 Ba6 48. Nxh6 Bxc4 49. bxc4 Kf4 50. Nf7 Rd7 51. h3 Rxf7 52. Rxd4+
Ke5 53. Rd6 Rf4 54. Rxc6 Rxc4 55. Kg3 Rc1 56. Rc8 Rg1+ 57. Kf2 Rc1 58. c6 Kd6
59. c7 Kd7 60. Rg8 Kxc7 61. Rxg5 Kd6 62. Rg1 Rc2+ 63. Kg3 Ke5 64. Kg4 1-0

[Event "13MCR_F"]
[Site "?"]
[Date "1999.??.??"]
[Round "?"]
[White "Masek, Jan"]
[Black "Milos, Vladislav"]
[Result "1-0"]
[WhiteElo "2280"]
[BlackElo "2270"]
[PlyCount "67"]
[EventDate "1999.??.??"]
[EventType "corr"]
[Source "Chess Mail Ltd"]
[SourceDate "2005.07.27"]

1. e4 c5 2. f4 d5 3. Nc3 dxe4 4. Nxe4 e6 5. Nf3 Nf6 6. Bb5+ Bd7 7. Qe2 Be7 8.
O-O O-O 9. Bxd7 Nbxd7 10. d3 Qc7 11. Bd2 Nd5 12. g3 Qb6 13. b3 c4+ 14. d4 cxb3
15. axb3 Nb4 16. c3 Nc2 17. Rab1 Na3 18. Rb2 Rac8 19. Be1 Nf6 20. Nxf6+ Bxf6
21. c4 Rc6 22. Bf2 Qb4 23. Ne5 Bxe5 24. fxe5 f6 25. d5 exd5 26. cxd5 Rcc8 27.
d6 Rce8 28. Qd2 Qxd2 29. Rxd2 Rxe5 30. d7 Rd8 31. Bxa7 Re7 32. Rfd1 Nb1 33. Rd3
Nc3 34. Bb6 1-0

[Event "13MCR_F"]
[Site "?"]
[Date "1999.??.??"]
[Round "?"]
[White "Masek, Jan"]
[Black "Vavrla, Zdenek"]
[Result "1/2-1/2"]
[WhiteElo "2280"]
[BlackElo "2480"]
[PlyCount "82"]
[EventDate "1999.??.??"]
[EventType "corr"]
[Source "Chess Mail Ltd"]
[SourceDate "2005.07.27"]

1. e4 c5 2. f4 Nf6 3. Nc3 e6 4. Nf3 a6 5. a4 d5 6. e5 Nfd7 7. Be2 Nc6 8. O-O
Be7 9. b3 b6 10. Bb2 Bb7 11. Re1 Nf8 12. d4 Ng6 13. g3 cxd4 14. Na2 Bc5 15.
Nxd4 O-O 16. c3 Qc7 17. Bd3 a5 18. Kg2 Rfc8 19. Qe2 Qe7 20. h3 Nf8 21. Kh2 Nd7
22. Rf1 Qe8 23. Rae1 Bf8 24. f5 Ncxe5 25. fxe6 fxe6 26. Bb5 Qg6 27. Bc1 Bc5 28.
Bd2 Rf8 29. Bf4 Bxd4 30. cxd4 Nc6 31. Qxe6+ Qxe6 32. Rxe6 Rac8 33. Rc1 Rf6 34.
Rxf6 Nxf6 35. Bxc6 Rxc6 36. Rxc6 Bxc6 37. Bc7 Nd7 38. Kg2 Kf7 39. Kf3 Bb7 40.
Ke3 Ke6 41. Nc3 Ba6 1/2-1/2

[Event "13MCR_F"]
[Site "?"]
[Date "1999.??.??"]
[Round "?"]
[White "Boukal, Petr"]
[Black "Bures, Jilji"]
[Result "1/2-1/2"]
[WhiteElo "2460"]
[BlackElo "2250"]
[PlyCount "78"]
[EventDate "1999.??.??"]
[EventType "corr"]
[Source "Chess Mail Ltd"]
[SourceDate "2005.07.27"]

1. e4 c5 2. Nf3 Nc6 3. Bb5 e6 4. O-O Nge7 5. Nc3 a6 6. Bxc6 Nxc6 7. d4 cxd4 8.
Nxd4 Qc7 9. Re1 Bd6 10. Kh1 Nxd4 11. Qxd4 Be5 12. Qe3 b5 13. Bd2 O-O 14. a3 Bb7
15. f4 Bf6 16. Re2 d5 17. e5 Be7 18. Be1 Rad8 19. Qd2 f5 20. Na2 Rd7 21. Nb4 d4
22. Nd3 Be4 23. h3 Rc8 24. Bf2 Qc6 25. Bg1 Qd5 26. Ne1 Rc4 27. Qd1 g5 28. Bh2
gxf4 29. Bxf4 Bf8 30. Rd2 Bg7 31. Qh5 Rc8 32. Nf3 Bxf3 33. gxf3 Bxe5 34. Bxe5
Qxe5 35. Rg1+ Kh8 36. Qh4 d3 37. cxd3 Rg7 38. Rxg7 Qxg7 39. Rg2 Rc1+ 1/2-1/2

[Event "13MCR_F"]
[Site "?"]
[Date "1999.??.??"]
[Round "?"]
[White "Milos, Vladislav"]
[Black "Bures, Jilji"]
[Result "1/2-1/2"]
[WhiteElo "2270"]
[BlackElo "2250"]
[PlyCount "76"]
[EventDate "1999.??.??"]
[EventType "corr"]
[Source "Chess Mail Ltd"]
[SourceDate "2005.07.27"]

1. e4 c5 2. Nf3 Nc6 3. Bb5 e6 4. O-O Nge7 5. c3 d5 6. exd5 Qxd5 7. d3 a6 8. Bc4
Qd8 9. Re1 Ng6 10. Bg5 Be7 11. Bxe7 Ncxe7 12. d4 cxd4 13. Qxd4 Qxd4 14. Nxd4
O-O 15. Bb3 b5 16. a4 bxa4 17. Rxa4 Rb8 18. Nd2 Rd8 19. g3 e5 20. N4f3 Kf8 21.
Ra2 f6 22. Bc4 Bb7 23. Rc1 Nf5 24. b3 e4 25. Ne1 Ne5 26. Be6 e3 27. Nf1 exf2+
28. Rxf2 Nd6 29. Nd2 Ne4 30. Nxe4 Bxe4 31. b4 Rb6 32. Bh3 Rbd6 33. Ra2 Bd5 34.
Rd2 Bc4 35. Rxd6 Rxd6 36. Bf1 Rc6 37. Bg2 Rd6 38. Nf3 Nxf3+ 1/2-1/2